[Event "Aragon-chT Honor Gr II"]
[Site "Aragon"]
[Date "2023.02.11"]
[Round "3.23"]
[White "Colom Sienes, Eduardo"]
[Black "Hidalgo Gracia, Andres"]
[Result "0-1"]
[WhiteElo "2086"]
[BlackElo "1852"]
[PlyCount "124"]
[EventDate "2023.01.28"]
[EventType "team-tourn"]
[EventRounds "7"]
[EventCountry "ESP"]
[SourceTitle "EXT 2024"]
[Source "ChessBase"]
[SourceDate "2023.10.10"]
[SourceVersion "1"]
[SourceVersionDate "2023.10.10"]
[SourceQuality "1"]
[WhiteTeam "Palacio de Pioneros II"]
[BlackTeam "Monzon"]
[WhiteTeamCountry "ESP"]
[BlackTeamCountry "ESP"]

1. e4 d5 2. exd5 Qxd5 3. Nc3 Qd6 4. d4 c6 5. Bc4 Nf6 6. Nge2 Bf5 7. 0-0 e6 8. Ng3 Bg6 9. f4 Bxc2 10. Qe2 Be7 11. f5 0-0 12. fxe6 Bg6 13. exf7+ Kh8 14. Kh1 Bxf7 15. Nf5 Bxc4 16. Qxc4 Qd7 17. Bg5 Na6 18. Nxe7 Qxe7 19. d5 cxd5 20. Nxd5 Qe6 21. Bxf6 Rxf6 22. Rxf6 gxf6 23. Qd4 Qe5 24. Qc4 Re8 25. Rf1 Qe6 26. Qb3 Nc5 27. Qf3 Rf8 28. b3 Nd7 29. Ne3 b6 30. Nf5 Ne5 31. Qb7 Qf7 32. Qe4 Rd8 33. Kg1 Qd7 34. Qh4 Rf8 35. Qh6 Qf7 36. Qf4 Qd7 37. Re1 Qf7 38. h3 Nd3 39. Qe3 Nxe1 40. Qxe1 Re8 41. Qg3 Re5 42. Qf3 Qe8 43. g4 Re1+ 44. Kf2 Qe4 45. Qc3 Re2+ 46. Kg3 Qe5+ 47. Qxe5 Rxe5 48. Kf2 Ra5 49. a4 Rc5 50. Nd4 Rc3 51. h4 Rd3 52. Nb5 Rxb3 53. Nxa7 Rb4 54. Nc8 Rxa4 55. Nxb6 Rxg4 56. Nd5 Kg7 57. Ne3 Ra4 58. Kf3 Kg6 59. Nd5 Kf5 60. Ne7+ Ke6 61. Nc6 Kd6 62. Nb8 Kc7 0-1

[Event "Aragon-chT Honor Gr I"]
[Site "Aragon"]
[Date "2022.03.05"]
[Round "6.2"]
[White "Colom Sienes, Eduardo"]
[Black "Guzman Moneo, Alberto"]
[Result "1/2-1/2"]
[WhiteElo "2081"]
[BlackElo "2196"]
[PlyCount "110"]
[EventDate "2022.01.29"]
[EventType "team-tourn"]
[EventRounds "7"]
[EventCountry "ESP"]
[SourceTitle "EXT 2024"]
[Source "ChessBase"]
[SourceDate "2023.10.10"]
[SourceVersion "1"]
[SourceVersionDate "2023.10.10"]
[SourceQuality "1"]
[WhiteTeam "Palacio de Pioneros II"]
[BlackTeam "Helios"]
[WhiteTeamCountry "ESP"]
[BlackTeamCountry "ESP"]

1. e4 c5 2. Nf3 Nc6 3. d4 cxd4 4. Nxd4 g6 5. Nc3 Bg7 6. Be3 Nf6 7. Bc4 0-0 8. Bb3 d6 9. f3 Qa5 10. Qd2 Nxd4 11. Bxd4 Be6 12. 0-0-0 b5 13. Kb1 b4 14. Ne2 Bxb3 15. cxb3 Qb5 16. g4 e5 17. Be3 d5 18. g5 d4 19. gxf6 dxe3 20. Qxe3 Bxf6 21. h4 Rfd8 22. h5 Rxd1+ 23. Rxd1 Rd8 24. Rxd8+ Bxd8 25. Nc1 Qb6 26. Qe2 gxh5 27. Qh2 Bg5 28. Qxe5 Qe3 29. Qe8+ Kg7 30. Qe5+ Kg6 31. Qd6+ f6 32. a4 Qxc1+ 33. Ka2 Qf4 34. Qd8 Bh6 35. Qe8+ Kg5 36. Qg8+ Kh4 37. Qxh7 a5 38. Qa7 Qxf3 39. Qxa5 Qxe4 40. Qb6 Qe5 41. Qxb4+ Bf4 42. a5 Qb8 43. Qe1+ Bg3 44. Qh1+ Kg5 45. a6 Qb6 46. Qd5+ Kh4 47. Qh1+ Kg4 48. Qe4+ Bf4 49. Qg2+ Kf5 50. Qd5+ Kg6 51. Qg8+ Kh6 52. Qh8+ Kg6 53. Qg8+ Kh6 54. Qh8+ Kg6 55. Qg8+ Kh6 1/2-1/2

[Event "Aragon-chT Honor Gr I"]
[Site "Aragon"]
[Date "2022.02.26"]
[Round "5.10"]
[White "Ramiro Ovejero, Juan Luis"]
[Black "Colom Sienes, Eduardo"]
[Result "1-0"]
[WhiteElo "2324"]
[BlackElo "2081"]
[PlyCount "71"]
[EventDate "2022.01.29"]
[EventType "team-tourn"]
[EventRounds "7"]
[EventCountry "ESP"]
[SourceTitle "EXT 2024"]
[Source "ChessBase"]
[SourceDate "2023.10.10"]
[SourceVersion "1"]
[SourceVersionDate "2023.10.10"]
[SourceQuality "1"]
[WhiteTeam "Jaime Casas"]
[BlackTeam "Palacio de Pioneros II"]
[WhiteTeamCountry "ESP"]
[BlackTeamCountry "ESP"]

1. d4 Nf6 2. Nf3 g6 3. Bg5 Bg7 4. Nbd2 d5 5. e3 0-0 6. Be2 Nc6 7. 0-0 Ne4 8. Nxe4 dxe4 9. Nd2 h6 10. Bh4 g5 11. Bg3 f5 12. f4 gxf4 13. Bxf4 Nxd4 14. exd4 Qxd4+ 15. Kh1 e5 16. c3 Qd6 17. Bg3 f4 18. Bh4 Bf5 19. Nb3 Qc6 20. Bg4 Bg6 21. Qd7 Qxd7 22. Bxd7 Bf6 23. Bxf6 Rxf6 24. Rad1 e3 25. Bg4 Rff8 26. Nc5 Rae8 27. Rfe1 e4 28. g3 h5 29. Bd7 Re5 30. Nb3 e2 31. Rxe2 e3 32. gxf4 Rxf4 33. Bh3 Be4+ 34. Bg2 Bf5 35. Rde1 Bg4 36. Rxe3 1-0

[Event "Aragon-chT Honor Gr I"]
[Site "Aragon"]
[Date "2022.02.05"]
[Round "2.19"]
[White "Colom Sienes, Eduardo"]
[Black "Cobo Garrido, Diego Israel"]
[Result "0-1"]
[WhiteElo "2081"]
[BlackElo "2076"]
[PlyCount "90"]
[EventDate "2022.01.29"]
[EventType "team-tourn"]
[EventRounds "7"]
[EventCountry "ESP"]
[SourceTitle "EXT 2024"]
[Source "ChessBase"]
[SourceDate "2023.10.10"]
[SourceVersion "1"]
[SourceVersionDate "2023.10.10"]
[SourceQuality "1"]
[WhiteTeam "Palacio de Pioneros II"]
[BlackTeam "Aragon ONCE"]
[WhiteTeamCountry "ESP"]
[BlackTeamCountry "ESP"]

1. e4 c5 2. Nf3 e6 3. d4 cxd4 4. Nxd4 Nc6 5. Nxc6 bxc6 6. Bd3 d5 7. 0-0 Nf6 8. Nd2 Be7 9. Re1 0-0 10. e5 Nd7 11. Nf3 Nc5 12. Be3 Nxd3 13. cxd3 c5 14. Rc1 d4 15. Bf4 Qd5 16. b3 Bb7 17. Re4 Qd7 18. Re2 f5 19. Rec2 a5 20. a3 Bd5 21. Rb2 a4 22. bxa4 Qxa4 23. Qxa4 Rxa4 24. Ra1 Rfa8 25. Bc1 c4 26. dxc4 Rxc4 27. Rd2 Bb4 28. Rd1 Bc3 29. Rb1 Be4 30. Rb6 Bc2 31. Rf1 Bd3 32. Rxe6 Bxf1 33. Kxf1 Rd8 34. Rd6 Ba5 35. Bg5 Rxd6 36. exd6 d3 37. g3 h6 38. Be7 Rc1+ 39. Kg2 Rc5 40. d7 Rd5 41. d8Q+ Bxd8 42. Bxd8 Rxd8 43. Nd2 Re8 44. Kf3 Re2 45. Nc4 g5 0-1

[Event "Aragon-chT Honor Titulo"]
[Site "Aragon"]
[Date "2021.05.29"]
[Round "9.2"]
[White "Ramiro Ovejero, Juan Luis"]
[Black "Colom Sienes, Eduardo"]
[Result "1-0"]
[WhiteElo "2345"]
[BlackElo "2094"]
[PlyCount "83"]
[EventDate "2021.05.15"]
[EventType "team-tourn"]
[EventRounds "10"]
[EventCountry "ESP"]
[SourceTitle "EXT 2024"]
[Source "ChessBase"]
[SourceDate "2023.10.10"]
[SourceVersion "1"]
[SourceVersionDate "2023.10.10"]
[SourceQuality "1"]
[WhiteTeam "Jaime Casas"]
[BlackTeam "Palacio de Pioneros II"]
[WhiteTeamCountry "ESP"]
[BlackTeamCountry "ESP"]

1. e4 e6 2. d4 d5 3. exd5 exd5 4. Nf3 Bd6 5. c4 Nf6 6. Nc3 0-0 7. cxd5 Nbd7 8. Be2 Nb6 9. Bg5 h6 10. Bxf6 Qxf6 11. 0-0 Re8 12. a4 a5 13. Re1 Bg4 14. Ne5 Bxe2 15. Qxe2 Qf4 16. Rad1 f6 17. g3 Qf5 18. Qd3 Qh5 19. Nc4 Nxc4 20. Qxc4 Qf3 21. Re6 f5 22. Rde1 Rf8 23. Qe2 Qxe2 24. R1xe2 Bb4 25. Nb5 Rad8 26. Nxc7 Rd7 27. Nb5 Rxd5 28. f4 Rfd8 29. Kg2 Kf7 30. Kf3 g6 31. Rb6 R8d7 32. Ree6 g5 33. Rxh6 g4+ 34. Kf2 Rxd4 35. Nxd4 Rxd4 36. Rxb7+ Kg8 37. Rg6+ Kh8 38. Rc6 Rd8 39. Rcc7 Re8 40. Rh7+ Kg8 41. Rbg7+ Kf8 42. Rh8+ 1-0

[Event "Aragon-chT Honor Gr II"]
[Site "Aragon"]
[Date "2021.05.08"]
[Round "7.11"]
[White "Cerrajeria Ruiz, Jesus Maria"]
[Black "Colom Sienes, Eduardo"]
[Result "0-1"]
[WhiteElo "2125"]
[BlackElo "2094"]
[PlyCount "84"]
[EventDate "2021.03.13"]
[EventType "team-tourn"]
[EventRounds "7"]
[EventCountry "ESP"]
[SourceTitle "EXT 2024"]
[Source "ChessBase"]
[SourceDate "2023.10.10"]
[SourceVersion "1"]
[SourceVersionDate "2023.10.10"]
[SourceQuality "1"]
[WhiteTeam "Helios"]
[BlackTeam "Palacio de Pioneros II"]
[WhiteTeamCountry "ESP"]
[BlackTeamCountry "ESP"]

1. Nf3 Nf6 2. c4 g6 3. g3 Bg7 4. Bg2 0-0 5. Nc3 d6 6. d3 Nc6 7. 0-0 e5 8. Ne1 a5 9. Nc2 Nd4 10. Bg5 h6 11. Be3 Ne6 12. Nd5 Ng4 13. Bd2 c6 14. h3 cxd5 15. hxg4 Nc5 16. g5 hxg5 17. Bxd5 Be6 18. Bg2 f5 19. b3 f4 20. Bc3 d5 21. d4 e4 22. Qd2 Nd7 23. cxd5 Bxd5 24. Rfc1 Nf6 25. gxf4 Nh5 26. f5 Nf4 27. Ne3 gxf5 28. Bb2 b6 29. Nxd5 Qxd5 30. Rc7 Rf6 31. Rac1 Rh6 32. e3 Nxg2 33. Kxg2 f4 34. Rc8+ Rxc8 35. Rxc8+ Kh7 36. Ba3 f3+ 37. Kg3 Be5+ 38. dxe5 Qxd2 39. Bf8 Qd1 40. Rc7+ Kg8 41. Kg4 Kxf8 42. Kf5 Rc6 0-1

[Event "Aragon-chT Honor Gr II"]
[Site "Aragon"]
[Date "2021.05.01"]
[Round "6.18"]
[White "Lopez Lozano, David"]
[Black "Colom Sienes, Eduardo"]
[Result "0-1"]
[WhiteElo "1701"]
[BlackElo "2094"]
[PlyCount "44"]
[EventDate "2021.03.13"]
[EventType "team-tourn"]
[EventRounds "7"]
[EventCountry "ESP"]
[SourceTitle "EXT 2024"]
[Source "ChessBase"]
[SourceDate "2023.10.10"]
[SourceVersion "1"]
[SourceVersionDate "2023.10.10"]
[SourceQuality "1"]
[WhiteTeam "Marcos Frechin"]
[BlackTeam "Palacio de Pioneros II"]
[WhiteTeamCountry "ESP"]
[BlackTeamCountry "ESP"]

1. c4 Nf6 2. Nc3 g6 3. g3 Bg7 4. Bg2 0-0 5. e3 d6 6. Nge2 c5 7. 0-0 Nc6 8. Rb1 Rb8 9. a3 a6 10. b4 cxb4 11. axb4 Bd7 12. d3 b5 13. cxb5 axb5 14. d4 Qb6 15. Qd3 Rfc8 16. Bd2 Be6 17. Rfe1 Bc4 18. Qc2 e5 19. d5 Ne7 20. e4 Ng4 21. Qb2 Nxf2 22. h3 Nd3+ 0-1

[Event "Aragon-chT Honor Descenso"]
[Site "Aragon"]
[Date "2020.06.27"]
[Round "8.7"]
[White "Colom Sienes, Eduardo"]
[Black "Garreta Crespo, Blas"]
[Result "1-0"]
[WhiteElo "2074"]
[BlackElo "1758"]
[PlyCount "65"]
[EventDate "2020.06.27"]
[EventType "team-tourn"]
[EventRounds "10"]
[EventCountry "ESP"]
[SourceTitle "EXT 2024"]
[Source "ChessBase"]
[SourceDate "2023.10.10"]
[SourceVersion "1"]
[SourceVersionDate "2023.10.10"]
[SourceQuality "1"]
[WhiteTeam "Palacio de Pioneros II"]
[BlackTeam "Monzon"]
[WhiteTeamCountry "ESP"]
[BlackTeamCountry "ESP"]

1. e4 c6 2. d4 d5 3. Nc3 dxe4 4. Nxe4 Bf5 5. Ng3 Bg6 6. h4 h6 7. Nh3 e6 8. Nf4 Bh7 9. Bc4 Nf6 10. 0-0 Bd6 11. c3 Qc7 12. Ngh5 Rg8 13. Re1 Nbd7 14. Bxe6 Ne4 15. Bxf7+ Kxf7 16. Qb3+ Ke7 17. f3 Rae8 18. fxe4 g5 19. Ne6 Qa5 20. e5 Bc7 21. hxg5 Bf5 22. Nxc7 Qxc7 23. Nf6 Nxf6 24. gxf6+ Kd8 25. f7 Be6 26. fxe8Q+ Rxe8 27. c4 Qf7 28. d5 cxd5 29. cxd5 Bg4 30. e6 Qc7 31. Be3 Rg8 32. Bxa7 Bh3 33. Qxh3 1-0

[Event "Aragon-chT Honor Gr-I"]
[Site "Aragon"]
[Date "2020.02.15"]
[Round "4.30"]
[White "Garcia Morales, Roberto"]
[Black "Colom Sienes, Eduardo"]
[Result "0-1"]
[WhiteElo "2039"]
[BlackElo "2074"]
[PlyCount "102"]
[EventDate "2020.01.25"]
[EventType "team-tourn"]
[EventRounds "7"]
[EventCountry "ESP"]
[SourceTitle "EXT 2022"]
[Source "ChessBase"]
[SourceDate "2021.10.06"]
[SourceVersion "1"]
[SourceVersionDate "2021.10.06"]
[SourceQuality "1"]
[WhiteTeam "Agrupacion II"]
[BlackTeam "Palacio de Pioneros II"]
[WhiteTeamCountry "ESP"]
[BlackTeamCountry "ESP"]

1. e4 e6 2. d4 d5 3. exd5 exd5 4. Bd3 Bd6 5. Ne2 Ne7 6. c3 Nbc6 7. Qc2 Bg4 8. Ng3 Qd7 9. h3 Be6 10. Be3 f5 11. Nh5 0-0-0 12. Bh6 gxh6 13. Nf6 Nxd4 14. cxd4 Bb4+ 15. Nc3 Qd6 16. 0-0 Bxc3 17. bxc3 Rdf8 18. Nh5 Rhg8 19. f4 Bf7 20. Bxf5+ Nxf5 21. Qxf5+ Be6 22. Qe5 Rf5 23. Qxd6 cxd6 24. Rae1 Kd7 25. g4 Rxh5 26. Re3 Bxg4 27. hxg4 Rxg4+ 28. Kf2 Rxf4+ 29. Ke1 Rxf1+ 30. Kxf1 Rh2 31. Ke1 Rxa2 32. Rh3 Rg2 33. Rxh6 Rg7 34. Kd2 Kc6 35. Kc2 a5 36. Rh5 Re7 37. Kb3 b6 38. Rh6 b5 39. Rf6 Re3 40. Kb2 h5 41. Rh6 Rh3 42. Rh8 h4 43. Rc8+ Kb7 44. Rd8 Kc7 45. Ra8 a4 46. Ra7+ Kb6 47. Rh7 Rh2+ 48. Ka3 Rh1 49. Kb2 h3 50. Rh8 h2 51. Rh7 b4 0-1

[Event "Aragon-chT Preferente Gr II"]
[Site "Aragon"]
[Date "2018.02.24"]
[Round "5.61"]
[White "Colom Sienes, Eduardo"]
[Black "Garcia Estruch, Jorge"]
[Result "1-0"]
[WhiteElo "2089"]
[BlackElo "1785"]
[PlyCount "89"]
[EventDate "2018.01.27"]
[EventType "team-tourn"]
[EventRounds "9"]
[EventCountry "ESP"]
[SourceTitle "EXT 2019"]
[Source "ChessBase"]
[SourceDate "2018.10.10"]
[SourceVersion "1"]
[SourceVersionDate "2018.10.10"]
[SourceQuality "1"]
[WhiteTeam "Palacio de Pioneros II"]
[BlackTeam "Sabinanigo"]
[WhiteTeamCountry "ESP"]
[BlackTeamCountry "ESP"]

1. e4 e5 2. Bc4 Nf6 3. d3 Nc6 4. Nc3 d6 5. f4 Be7 6. Nf3 0-0 7. 0-0 Bg4 8. h3 Bxf3 9. Rxf3 Nd4 10. Rg3 b5 11. Nxb5 Nxb5 12. fxe5 dxe5 13. Bxb5 Nxe4 14. Rf3 c6 15. Bc4 Bc5+ 16. Kh2 Nd6 17. Bb3 Qc7 18. Qf1 e4 19. dxe4 Nxe4+ 20. Bf4 Bd6 21. g3 Bxf4 22. Rxf4 Nd2 23. Qf2 Nxb3 24. axb3 Qe5 25. Rxa7 Rxa7 26. Qxa7 Qxb2 27. Qc5 Re8 28. Rf2 Qe5 29. Qxc6 Qe3 30. Kg2 h6 31. b4 Re6 32. Qa8+ Kh7 33. Qf3 Qd4 34. Qxf7 Qe4+ 35. Kh2 Rg6 36. Qf4 Qe1 37. Qd2 Qe5 38. Qd3 Qe1 39. Re2 Qf1 40. b5 h5 41. h4 Qf6 42. c4 Qb6 43. c5 Qxc5 44. Re6 Qf2+ 45. Kh3 1-0

[Event "Aragon-chT Preferente Gr II"]
[Site "Aragon"]
[Date "2018.02.17"]
[Round "4.57"]
[White "Planas Torrea, Francisco Javier"]
[Black "Colom Sienes, Eduardo"]
[Result "0-1"]
[WhiteElo "2029"]
[BlackElo "2089"]
[PlyCount "86"]
[EventDate "2018.01.27"]
[EventType "team-tourn"]
[EventRounds "9"]
[EventCountry "ESP"]
[SourceTitle "EXT 2019"]
[Source "ChessBase"]
[SourceDate "2018.10.10"]
[SourceVersion "1"]
[SourceVersionDate "2018.10.10"]
[SourceQuality "1"]
[WhiteTeam "Ejea"]
[BlackTeam "Palacio de Pioneros II"]
[WhiteTeamCountry "ESP"]
[BlackTeamCountry "ESP"]

1. d4 d5 2. c4 e6 3. Nc3 Nf6 4. cxd5 exd5 5. Bg5 c6 6. e3 Be7 7. Qc2 0-0 8. Bd3 Nbd7 9. Nge2 Re8 10. 0-0 Nf8 11. Rad1 Bg4 12. f3 Bd7 13. Ng3 h6 14. Bf4 Rc8 15. Nf5 Be6 16. Qf2 Bxf5 17. Bxf5 Ra8 18. e4 dxe4 19. fxe4 Bb4 20. e5 Nd5 21. Bxh6 gxh6 22. Ne4 Be7 23. Qg3+ Kh8 24. Bh3 Bh4 25. Qf3 Nh7 26. Rd3 Ng5 27. Nxg5 Bxg5 28. Qxf7 Rf8 29. Qxb7 Be3+ 30. Rxe3 Rxf1+ 31. Kxf1 Nxe3+ 32. Ke2 Nd5 33. Bf5 Ne7 34. Bd7 Rb8 35. Qxa7 Rxb2+ 36. Ke3 Qb8 37. Qa3 Qb5 38. Qxe7 Qe2+ 39. Kf4 Qf1+ 40. Kg4 Rxg2+ 41. Kh5 Qf3+ 42. Kxh6 Qf4+ 43. Kh5 Rxh2+ 0-1

[Event "Aragon-chT Preferente B"]
[Site "Aragon"]
[Date "2017.03.18"]
[Round "8.57"]
[White "Colom Sienes, Eduardo"]
[Black "Gil Capape, Marco Antonio"]
[Result "1-0"]
[WhiteElo "2061"]
[BlackElo "2110"]
[PlyCount "95"]
[EventDate "2017.01.28"]
[EventType "team-tourn"]
[EventRounds "9"]
[EventCountry "ESP"]
[SourceTitle "EXT 2018"]
[Source "ChessBase"]
[SourceDate "2017.10.13"]
[SourceVersion "1"]
[SourceVersionDate "2017.10.13"]
[SourceQuality "1"]
[WhiteTeam "Palacio de Pioneros II"]
[BlackTeam "Caissa Hermanos Cortes"]
[WhiteTeamCountry "ESP"]
[BlackTeamCountry "ESP"]

1. e4 e6 2. d4 d5 3. Bd3 Be7 4. Ne2 c5 5. exd5 exd5 6. dxc5 Bxc5 7. 0-0 Nf6 8. Bg5 Be6 9. Nd2 0-0 10. Nb3 Bb6 11. c3 Nbd7 12. Bc2 Re8 13. Ned4 Qb8 14. Qd2 Ng4 15. f4 f5 16. Kh1 g6 17. Nxe6 Rxe6 18. Qxd5 Qd6 19. Qxd6 Rxd6 20. Nd4 Bxd4 21. cxd4 Rxd4 22. Bb3+ Kf8 23. Rae1 Re8 24. Rxe8+ Kxe8 25. h3 Ngf6 26. Rc1 b6 27. Rc6 Nd5 28. Rd6 h6 29. Bxd5 hxg5 30. Bf7+ Kxf7 31. Rxd4 Nc5 32. fxg5 Ke6 33. Rd8 Ne4 34. Ra8 Ke5 35. Rxa7 Kf4 36. Ra4 Ke3 37. Rb4 Kf2 38. h4 Ng3+ 39. Kh2 Nf1+ 40. Kh3 Ne3 41. Rf4+ Kg1 42. h5 Nxg2 43. Rf3 Ne1 44. Rg3+ Kf2 45. hxg6 f4 46. Rc3 f3 47. g7 Ke2 48. Rxf3 1-0

[Event "Aragon-chT Preferente B"]
[Site "Aragon"]
[Date "2017.03.04"]
[Round "6.61"]
[White "Colom Sienes, Eduardo"]
[Black "Mimbela Lopez, Luis"]
[Result "1-0"]
[WhiteElo "2061"]
[BlackElo "2023"]
[PlyCount "53"]
[EventDate "2017.01.28"]
[EventType "team-tourn"]
[EventRounds "9"]
[EventCountry "ESP"]
[SourceTitle "EXT 2018"]
[Source "ChessBase"]
[SourceDate "2017.10.13"]
[SourceVersion "1"]
[SourceVersionDate "2017.10.13"]
[SourceQuality "1"]
[WhiteTeam "Palacio de Pioneros II"]
[BlackTeam "Agrupacion II"]
[WhiteTeamCountry "ESP"]
[BlackTeamCountry "ESP"]

1. d4 Nf6 2. c4 g6 3. Nc3 Bg7 4. e4 d6 5. Bd3 0-0 6. Nge2 Nbd7 7. 0-0 e5 8. d5 a5 9. Bc2 Nh5 10. Be3 f5 11. exf5 gxf5 12. f4 Nc5 13. a3 Qe7 14. Qd2 Bd7 15. b4 axb4 16. axb4 Rxa1 17. Rxa1 Ne4 18. Bxe4 fxe4 19. Rf1 exf4 20. Nxf4 Nxf4 21. Bxf4 e3 22. Qe1 Bd4 23. Ne2 Bb6 24. Rf3 Bf5 25. Bh6 Rf7 26. Qa1 Qe8 27. Rxf5 1-0

[Event "Aragon-chT Honor GrB"]
[Site "Aragon"]
[Date "2015.03.07"]
[Round "7.32"]
[White "Colom Sienes, Eduardo"]
[Black "Garcia Monterde, Francisco Jose"]
[Result "1/2-1/2"]
[WhiteElo "2005"]
[BlackElo "1939"]
[PlyCount "98"]
[EventDate "2015.01.24"]
[EventType "team-tourn"]
[EventRounds "7"]
[EventCountry "ESP"]
[SourceTitle "EXT 2017"]
[Source "ChessBase"]
[SourceDate "2016.10.25"]
[SourceVersion "1"]
[SourceVersionDate "2016.10.25"]
[SourceQuality "1"]
[WhiteTeam "Cerbuna CMU"]
[BlackTeam "IberCaja"]
[WhiteTeamCountry "ESP"]
[BlackTeamCountry "ESP"]

1. e4 c5 2. Nf3 e6 3. d4 cxd4 4. Nxd4 Bc5 5. Be3 Qb6 6. c3 Nc6 7. Nd2 Nxd4 8. Nc4 Qc6 9. Bxd4 Qxe4+ 10. Be2 Be7 11. 0-0 Nf6 12. Bf3 Qf4 13. Qa4 0-0 14. Be5 Qg5 15. Bd6 Bxd6 16. Nxd6 Ne8 17. Nxc8 Rxc8 18. Qxa7 d5 19. Qxb7 Nd6 20. Qb3 Nc4 21. Be2 Nd2 22. Qd1 Nxf1 23. Bxf1 Rb8 24. b4 Rfc8 25. Qd4 Qf6 26. Rb1 Rxc3 27. Qa7 Qd8 28. b5 d4 29. Rd1 e5 30. a4 Ra8 31. Qb7 Rxa4 32. b6 Rb4 33. Ra1 Rc8 34. Ra7 Qe8 35. g3 Rb8 36. Qc7 R4xb6 37. Bc4 Rf6 38. Ra5 Qd8 39. Qxe5 h6 40. Rd5 Rb1+ 41. Kg2 Qc8 42. Rxd4 Rb2 43. Rf4 Rxf4 44. Qxf4 Qb7+ 45. Kh3 Rb4 46. Bxf7+ Kh8 47. Qd6 Qxf7 48. Qxb4 Qxf2 49. Qb5 Kh7 1/2-1/2

[Event "Aragon-chT Preferente Ascenso"]
[Site "Zaragoza"]
[Date "2014.03.30"]
[Round "11.36"]
[White "Colom Sienes, Eduardo"]
[Black "Ciriano Lamban, Alejandro"]
[Result "1-0"]
[WhiteElo "2042"]
[BlackElo "1818"]
[PlyCount "73"]
[EventDate "2014.01.25"]
[EventType "team-tourn"]
[EventRounds "11"]
[EventCountry "ESP"]
[SourceTitle "EXT 2015"]
[Source "ChessBase"]
[SourceDate "2014.11.20"]
[SourceVersion "1"]
[SourceVersionDate "2014.11.20"]
[SourceQuality "1"]
[WhiteTeam "Pedro Cerbuna"]
[BlackTeam "Marcos Frechin"]
[WhiteTeamCountry "ESP"]
[BlackTeamCountry "ESP"]

1. e4 c5 2. Nf3 d6 3. d4 cxd4 4. Nxd4 Nf6 5. Nc3 a6 6. f3 e5 7. Nb3 Be6 8. Be3 Be7 9. Qd2 0-0 10. 0-0-0 Nbd7 11. g4 b5 12. g5 Nh5 13. Kb1 Nb6 14. Nd5 Bxd5 15. exd5 Qc7 16. Rg1 Rac8 17. Qf2 Nc4 18. Bxc4 bxc4 19. Nd2 g6 20. Ne4 Qb7 21. Qh4 f5 22. gxf6 Nxf6 23. Qh6 Rf7 24. Ng5 Bf8 25. Qh3 Rb8 26. Bc1 Nxd5 27. Nxf7 Qxf7 28. Ka1 Nb4 29. Rg2 a5 30. Bh6 Bxh6 31. Qxh6 Qf5 32. Qd2 Qxf3 33. Qxd6 Re8 34. Rxg6+ hxg6 35. Qxg6+ Kf8 36. Qh6+ Ke7 37. Qg7+ 1-0

[Event "Aragon-chT Preferente Ascenso"]
[Site "Zaragoza"]
[Date "2014.03.30"]
[Round "10.39"]
[White "Colom Sienes, Eduardo"]
[Black "Gines Esteo, Pedro Antonio"]
[Result "1-0"]
[WhiteElo "2042"]
[BlackElo "1778"]
[PlyCount "69"]
[EventDate "2014.01.25"]
[EventType "team-tourn"]
[EventRounds "11"]
[EventCountry "ESP"]
[SourceTitle "EXT 2015"]
[Source "ChessBase"]
[SourceDate "2014.11.20"]
[SourceVersion "1"]
[SourceVersionDate "2014.11.20"]
[SourceQuality "1"]
[WhiteTeam "Pedro Cerbuna"]
[BlackTeam "IberCaja II"]
[WhiteTeamCountry "ESP"]
[BlackTeamCountry "ESP"]

1. e4 e5 2. f4 Bc5 3. Nf3 d6 4. Bc4 Nc6 5. d3 Bg4 6. c3 Qe7 7. h3 Bxf3 8. Qxf3 a6 9. Nd2 Na5 10. b4 Nxc4 11. Nxc4 Ba7 12. fxe5 dxe5 13. Qh5 0-0-0 14. Ke2 f6 15. Be3 Qd7 16. Qg4 Bxe3 17. Nxe3 Qxg4+ 18. hxg4 Ne7 19. Raf1 h6 20. a4 Rd7 21. Rb1 Rhd8 22. Rhd1 b6 23. b5 a5 24. c4 Rd4 25. Rb3 Kb7 26. Rc1 R8d7 27. c5 bxc5 28. Nc4 Ng6 29. g3 Nf8 30. Nxa5+ Kb6 31. Nc4+ Kb7 32. b6 cxb6 33. Nxb6 Rd8 34. Rxc5 Ne6 35. Nc4+ 1-0

[Event "Aragon-chT Preferente A"]
[Site "Aragon"]
[Date "2014.02.08"]
[Round "3.52"]
[White "Colom Sienes, Eduardo"]
[Black "Salas Latorre, Jose"]
[Result "1-0"]
[WhiteElo "2042"]
[BlackElo "1798"]
[PlyCount "57"]
[EventDate "2014.01.25"]
[EventType "team-tourn"]
[EventRounds "9"]
[EventCountry "ESP"]
[SourceTitle "EXT 2015"]
[Source "ChessBase"]
[SourceDate "2014.11.20"]
[SourceVersion "1"]
[SourceVersionDate "2014.11.20"]
[SourceQuality "1"]
[WhiteTeam "Pedro Cerbuna"]
[BlackTeam "Jaime Casas II"]
[WhiteTeamCountry "ESP"]
[BlackTeamCountry "ESP"]

1. e4 d5 2. exd5 Nf6 3. Nc3 Nxd5 4. Bc4 Nb6 5. Bb3 c5 6. d3 Nc6 7. Nf3 e6 8. Qe2 Be7 9. h4 Nd4 10. Nxd4 Qxd4 11. Be3 Qd8 12. Ne4 Qc7 13. Qh5 g6 14. Qh6 Bd7 15. Bg5 Qe5 16. Bxe7 Kxe7 17. 0-0-0 Bc6 18. Rhe1 Qf5 19. g4 Qxg4 20. Bxe6 Qg2 21. Bh3 Qh2 22. Qg5+ Kf8 23. Qxc5+ Kg7 24. Qd4+ Kh6 25. Ng5 Rhf8 26. Re7 Bd5 27. c4 Rad8 28. cxd5 Rxd5 29. Rxf7 1-0

[Event "Aragon-chT Preferente A"]
[Site "Aragon"]
[Date "2014.02.01"]
[Round "2.39"]
[White "Colom Sienes, Eduardo"]
[Black "Manguez Tomas, Andres"]
[Result "1-0"]
[WhiteElo "2042"]
[BlackElo "1673"]
[PlyCount "39"]
[EventDate "2014.01.25"]
[EventType "team-tourn"]
[EventRounds "9"]
[EventCountry "ESP"]
[SourceTitle "EXT 2015"]
[Source "ChessBase"]
[SourceDate "2014.11.20"]
[SourceVersion "1"]
[SourceVersionDate "2014.11.20"]
[SourceQuality "1"]
[WhiteTeam "Pedro Cerbuna"]
[BlackTeam "Agrupacion II"]
[WhiteTeamCountry "ESP"]
[BlackTeamCountry "ESP"]

1. e4 e5 2. f4 d5 3. exd5 Qxd5 4. Nc3 Qe6 5. Nf3 exf4+ 6. Kf2 Qb6+ 7. d4 Nf6 8. Bb5+ c6 9. Re1+ Be7 10. Bc4 Qd8 11. Qe2 b5 12. Bb3 Ba6 13. Ng5 0-0 14. Qxe7 Ng4+ 15. Kg1 Qxd4+ 16. Be3 Qf6 17. Qxf8+ Kxf8 18. Bc5+ Qe7 19. Rxe7 Nf6 20. Rxa7+ 1-0